|
|
|
|
| LEADER |
01179cam a2200337 a 4500 |
| 001 |
c000269610 |
| 003 |
CARM |
| 005 |
20070829123924.0 |
| 008 |
830802s1983 nyua b 001 0 eng |
| 010 |
|
|
|a 83014482
|
| 019 |
1 |
|
|a 2844397
|5 LACONCORD2021
|
| 020 |
|
|
|a 0231058160 :
|c $20.00
|
| 035 |
|
|
|a (OCoLC)9826353
|5 LACONCORD2021
|
| 040 |
|
|
|a LC
|b eng
|c LC
|d SFU
|
| 043 |
|
|
|a e-uk---
|
| 050 |
|
4 |
|a P92.G7
|b T86 1983
|
| 050 |
0 |
0 |
|a P92.G7
|b T86 1983
|
| 082 |
0 |
4 |
|a 001.51/0941
|2 19
|
| 100 |
1 |
|
|a Tunstall, Jeremy.
|
| 245 |
1 |
4 |
|a The media in Britain /
|c Jeremy Tunstall.
|
| 246 |
3 |
|
|a Communication & society series
|
| 246 |
3 |
|
|a Communication and society series
|
| 260 |
|
|
|a New York :
|b Columbia University Press,
|c 1983.
|
| 300 |
|
|
|a xiv, 304 p. :
|b ill. ;
|c 23 cm.
|
| 500 |
|
|
|a "Communication & society series"--Jacket.
|
| 500 |
|
|
|a Includes index.
|
| 504 |
|
|
|a Bibliography: p. [283]-294.
|
| 650 |
|
0 |
|a Mass media
|z Great Britain.
|
| 852 |
8 |
|
|b CARM
|h A1:AN13F0
|i B08689
|p 0385694
|f BK
|
| 999 |
f |
f |
|i 22fa8176-d217-5743-a027-82e6f470304c
|s aeb0cd4b-f633-5dd5-9886-e78680c18430
|
| 952 |
f |
f |
|p Can circulate
|a CAVAL
|b CAVAL
|c CAVAL
|d CARM 1 Store
|e B08689
|f A1:AN13F0
|h Other scheme
|i book
|m 0385694
|